Mô hình hóa và mô phỏng bằng máy vi tính

में बचाया:
ग्रंथसूची विवरण
मुख्य लेखक: Vũ, Ngọc Tước
स्वरूप: पुस्तक
भाषा:Undetermined
प्रकाशित: H. Giáo Dục
विषय:
टैग : टैग जोड़ें
कोई टैग नहीं, इस रिकॉर्ड को टैग करने वाले पहले व्यक्ति बनें!
Thư viện lưu trữ: Trung tâm Học liệu Trường Đại học Cần Thơ
LEADER 00571nam a2200181Ia 4500
001 CTU_50706
008 210402s9999 xx 000 0 und d
082 |a 003.3 
082 |b T557 
100 |a Vũ, Ngọc Tước 
245 0 |a Mô hình hóa và mô phỏng bằng máy vi tính 
245 0 |c Vũ Ngọc Tước 
260 |a H. 
260 |b Giáo Dục 
526 |a Mô hình toán học,Mô hình toán học 
526 |b XH763,TNT614 
650 |a computer simulation,modeling 
980 |a Trung tâm Học liệu Trường Đại học Cần Thơ